Los géneros literarios : sistema e historia (una introducción)

El título de este libro trata de orientar fielmente sobre el objeto y alcance de su contenido. Pese a la importancia, realmente histórica, de su entidad, la Teoría de los Géneros Literarios no ha recibido desde hace muchos años en España un tratamiento monográfico de conjunto bajo el formato de un l...

Descripción completa

Detalles Bibliográficos
Autor principal: García Berrio, Antonio 1940-
Otros Autores: Huerta Calvo, Javier
Formato: Libro
Lenguaje:español
Publicado: Madrid: Cátedra, 2016.
Edición:7a ed.
Colección:Crítica y estudios literarios
Materias:
Acceso en línea:

MARC

LEADER 00000cam a2200000 4500
003 UAHC
005 20190802152642.0
008 190801s2016 sp ||||| |||| 00| 0 spa |
952 |0 0  |1 0  |2 ddc  |4 0  |6 801_000000000000000_GEN  |7 0  |8 BAS  |9 92520  |a BC  |b BC  |c General  |d 2019-08-01  |o 801 GEN  |p 1471130  |r 2026-01-13 00:00:00  |t c.1  |w 2019-08-01  |y BK  |A 176  |B LENG 
952 |0 0  |1 0  |2 ddc  |4 0  |6 801_000000000000000_GEN  |7 0  |8 BAS  |9 92521  |a BC  |b BC  |c General  |d 2019-08-01  |o 801 GEN  |p 1471172  |r 2026-01-13 00:00:00  |t c.2  |w 2019-08-01  |y BK  |A 176  |B LENG 
952 |0 0  |1 0  |2 ddc  |4 0  |6 801_000000000000000_GEN  |7 0  |8 BAS  |9 92522  |a BC  |b BC  |c General  |d 2019-08-01  |o 801 GEN  |p 1471173  |r 2026-01-13 00:00:00  |t c.3  |w 2019-08-01  |y BK  |A 176  |B LENG 
999 |c 52275  |d 52275 
020 |a 9788437611075 
035 |a PEDAGOGÍA 
040 |a UAHC_CL  |c UAHC_CL  |d UAHC_CL 
082 |2 21  |a 801  |b G216 
100 |9 8744  |a García Berrio, Antonio  |d 1940- 
245 |a Los géneros literarios :   |b  sistema e historia (una introducción)  |c Antonio García Berrio, Javier Huerta Calvo. 
250 |a 7a ed. 
260 |a Madrid:  |b Cátedra,  |c 2016. 
300 |a 274 p. 
440 |9 8741  |a Crítica y estudios literarios 
520 |a El título de este libro trata de orientar fielmente sobre el objeto y alcance de su contenido. Pese a la importancia, realmente histórica, de su entidad, la Teoría de los Géneros Literarios no ha recibido desde hace muchos años en España un tratamiento monográfico de conjunto bajo el formato de un libro. Esta obra viene a llenar ese hueco en un nivel de aproximación informativa. La situación del debate sobre los géneros literarios, en el estado actual de la cuestión, obliga a mediar entre la teoría de las categorías absolutas del género y su modulación diacrónica en subgéneros y formas de transición. De ahí la dualidad de tareas sobre las que el título también advierte y que, en la obra, se ha tratado de mantener: sistema e historia. 
650 0 |9 8742  |a Formas literarias 
650 0 |9 3173  |a Literatura  |x Historia y crítica 
700 |9 8743  |a Huerta Calvo, Javier 
942 |2 ddc  |c BK